000 00778nam a2200217 i 4500
001 125904
003 ES-MaACL
005 20230906192723.0
007 t|
008 070214s1955 sp l |||| | spa d
245 0 0 _aReglamento de pósitos de 14 de enero de 1955
_b: (B. O. del Estado de 18 de febrero) /
_cAbella ; El Consultor de los Ayuntamientos.
260 _aMadrid :
_b[s. n.],
_c1955 (
_fTip. Florez)
300 _a63 p. ;
_c17 cm.
650 4 _aPósitos-
_zEspaña.
_9142092
700 1 _aAbella y Fuertes, Joaquín,
_918056
710 2 _aEl Consultor de los Ayuntamientos y de los Juzgados.
_93454
710 1 _aEspaña.
_bMinisterio de Agricultura.
_93837
710 1 _aEspaña.
_tLeyes, etc.
_9184149
852 _aES-MaACL
_j1975-F-10
999 _c125904
_d125904